000 00470nam a22001697a 4500
005 20250711172913.0
008 250128b |||||||| |||| 00| 0 eng d
020 _a9781949395747
041 _aEnglish
082 _a658.872 VIB
100 _aVibrant
245 _aDigital Marketing
_b: Essentials You Always Wanted to Know
260 _aMumbai
_bVibrant
_c2020
300 _a179p.
650 _bMarketing, Digital Marketing
_aMarketing, Digital Marketing
942 _cRB
999 _c8935
_d8935